000 02103nam a2200277Ia 4500
999 _c48588
_d48588
001 15487
003 GE_BSU
005 20241128150008.0
008 181216s2015||||ge |||||||||||||| ||geo||
020 _a9789941219276
040 _cGE_BSU
041 _ageo
080 _a27-36 წ-71
245 _aწმინდა ქსენია პეტერბურგელი /
_cშემდგენელი მანანა ტუაევა ; გარეკანის დიზაინი ეთერ გზირიშვილი.
264 _aთბილისი :
_bპალიტრა L,
_c2015.
300 _a157გვ. ;
_c20 სმ.
490 _aსაქართველოს იმედი II : ყველა წმინდანი, რომელთა შესახებაც უნდა იცოდე, 2298-0547 / პროექტის რედაქტორი თამარ მამაცაშვილი ;
_vწ.17
500 _aიბეჭდება სრულიად საქართველოს კათოლიკოს-პატრიარქის, უწმინდესისა და უნეტარესის ილია II-ის ლოცვა-კურთხევით
504 _aბიბლიოგრ. : გვ 156.
541 _h2ლ.
653 _aწმინდა ქსენია პეტერბურგელი ; ღირსი ქსენია რომაელი დივეევოელი წმინდა დედები ; ღირსი სკინკლიტიკია ალექსანდრიელი ; დიდმოწამე ეფემია ყოვლადქებული
653 _aწმინდა დედათა ცხოვრება
700 _aგზირიშვილი, ეთერ
_eგარეკანის დიზაინერი
_923818
700 _aმამაცაშვილი, თამარ
_eპროექტის რედაქტორი
_923819
942 _cBK
_2udc